000 01078nam a2200313 c 4500
003 BLK
005 20220629120618.0
008 180409b bul|||||r ||||||| ||bul||
010 _aKNG00144079000
020 _a978-954-597-380-2
_bиздат.: Фама
040 _aBLK
041 _aBUL
_cBUL
072 7 _2bullib
_aН84
_xБългарска художествена литература Н
080 _aБългарска литература
_b821.163.2
_x-31
_z821.163.2-31
100 1 _aЛишковска, Нели
_eпърви автор
_989294
139 _aЛишковска, Нели
_bЛ 73
245 1 0 _aЛеговището на тъгата
_bРоман
_cНели Лишковска.
257 _aBGR
260 София
_bФама
_c2010
_fСофия : Симолини
300 _a176 с.
_c21 см
380 _aX
490 1 _aНова българска проза
659 _aН
852 _aЦб 259964
856 4 _qpdf
_u
856 4 _qpdf
_u
942 _cKNG
_n0
_01
944 _aCR
_c18.06.2013
_kГеновева_Генчева
944 _aED
_c25.07.2013
_k
999 _c138098
_d138098